Qui meurt? - Harry Potter - Statistiques

Statistiques générales
  • Ce quiz a été pris 936 fois
  • Le résultat moyen est 9 sur 16
Answers on the Grid
Answers color-coded by a green-red scale on the quiz's grid according to % correct below.
Harry Potter
Lily Potter
Ginny Weasley
Drago Malefoy
Remus Lupin
Minerva McGonagall
Vincent Crabbe
Angelina Johnson
Sirius Black
George Weasley
Seamus Finnigan
Nagini
Hermione Granger
Cédric Diggory
Voldemort
Neville Londubat
Pétunia Dursley
Severus Rogue
Gregory Goyle
Cho Chang
Hedwige
Albus Dumbledore
Bellatrix Lestrange
Nymphadora Tonks
Katie Bell
Ron Weasley
Dobby
Fred Weasley
Rubeus Hagrid
Horacle Slughorn
 
Statistiques - réponses
Réponse % Correct
Harry Potter
97%
Ginny Weasley
78%
Drago Malefoy
76%
Hermione Granger
66%
Minerva McGonagall
66%
Neville Londubat
59%
Pétunia Dursley
58%
Ron Weasley
55%
Rubeus Hagrid
53%
Cho Chang
51%
Seamus Finnigan
51%
George Weasley
48%
Horacle Slughorn
46%
Angelina Johnson
43%
Katie Bell
41%
Gregory Goyle
32%
Aucun quiz correspondant
Distribution des résultats
% des personnes avec chaque résultat
Percentile par nombre de réponses
Votre historique - résultats
Vous n’avez pas pris ce quiz